|
|
|
|
| LEADER |
00562cam a2200169 7i4500 |
| 001 |
0000031176 |
| 005 |
20140407090000.0 |
| 020 |
0 |
0 |
|a 9789295044739
|
| 090 |
0 |
0 |
|a I 338.60480727
|b GLO
|
| 245 |
0 |
4 |
|a The Global competitiveness report 2013 - 2014.
|
| 250 |
0 |
0 |
|a Full data ed.
|
| 260 |
0 |
0 |
|a Geneva:
|b World Economic Forum,
|c 2013.
|
| 300 |
# |
# |
|a 551 p.
|
| 650 |
0 |
0 |
|a International trade --
|x Statistics
|
| 650 |
0 |
0 |
|a Economic development --
|x Statistics
|
| 650 |
0 |
0 |
|a Competition, International --
|x Statistics
|
| 999 |
|
|
|a 0000033544
|b Book
|c International
|e Business Information Centre
|